000 00642nam a2200217 a 4500
005 20241129063746.0
008 991125s1965 es 000 0 spa u
035 _aUPN01000010539
049 _aI
050 4 _aN352
_bW4.3 1965
100 1 _aWhite, Peter
_937091
245 1 0 _aCon lápiz y papel /
_cPeter White ; tr. Santillana.
250 _a2a ed.
260 _aMadrid :
_bSantillana,
_c1965.
300 _a90 p.
440 0 _aEnciclopedia de las aficiones
534 _pTítulo original:
_tThe easy drawing book
650 4 _aDibujo
_xEstudio y enseñanza
_913
650 4 _aTrabajos manuales (Educación)
_96600
905 _aInfantil
999 _c10539
_d10539